Galanta sa zapojila do projektu Geothermal Communities

Salvato in:
Dettagli Bibliografici
Autore principale: Horváth, Zoltán
Altri autori: Bergendi, Tomáš, 1984-, Polák, Tibor
Natura: Capitolo di libro
Lingua:slovacco
Tags: Aggiungi Tag
Nessun Tag, puoi essere il primo ad aggiungerne!!

MARC

LEADER 00000naa a2200000 4500
001 0150512
005 20240502072715.1
041 0 |a slo 
044 |a SK 
245 1 0 |a Galanta sa zapojila do projektu Geothermal Communities  |c Zoltán Horváth, Tomáš Bergendi, Tibor Polák 
100 1 |a Horváth, Zoltán 
700 1 |a Bergendi, Tomáš, 1984- 
700 1 |a Polák, Tibor